Nové prístupy k hodnoteniu procesu populačného starnutia a ich aplikácia v prípade Slovenska a Európy

Teoreticko-metodický vstup do problematiky prospektívneho veku. Schéma odvodenia prospektívneho veku z retrospektívneho veku a strednej dĺžky života. Najdôležitejšie a najčastejšie používané prospektívne indikátory. Index (ekonomickej) závislosti starého obyvateľstva. Prospektívna podoba mediánového...

Ausführliche Beschreibung

Gespeichert in:
Bibliographische Detailangaben
1. Verfasser: Šprocha, Branislav
Weitere Verfasser: Šídlo, Luděk, Klapková, Michaela, Ďurček, Pavol
Format: Buchkapitel
Sprache:Slowakisch
Schlagworte:
Tags: Tag hinzufügen
Keine Tags, Fügen Sie das erste Tag hinzu!

MARC

LEADER 00000naa a2200000 4500
001 0250669
005 20190204141009.5
041 0 |a slo 
044 |a SK 
245 1 0 |a Nové prístupy k hodnoteniu procesu populačného starnutia a ich aplikácia v prípade Slovenska a Európy  |c Branislav Šprocha, Luděk Šídlo, Michaela Klapková, Pavol Ďurček 
520 |a Teoreticko-metodický vstup do problematiky prospektívneho veku. Schéma odvodenia prospektívneho veku z retrospektívneho veku a strednej dĺžky života. Najdôležitejšie a najčastejšie používané prospektívne indikátory. Index (ekonomickej) závislosti starého obyvateľstva. Prospektívna podoba mediánového veku. Predlžovanie života, prospektívny vek a populačné starnutie na Slovensku. Medzinárodný kontext starnutia obyvateľstva a postavenie Slovenska. 
610 2 0 |a populácia 
610 2 0 |a starnutie populácie 
610 2 0 |a vek 
610 2 0 |a indexy 
610 2 0 |a ukazovatele demografické 
610 2 0 |a Slovensko 
610 2 0 |a Európa 
100 1 |a Šprocha, Branislav 
700 1 |a Šídlo, Luděk 
700 1 |a Klapková, Michaela 
700 1 |a Ďurček, Pavol